000 00953nam a22002417a 4500
003 URS
005 20240412222340.0
008 240412b |||||||| |||| 00| 0 eng d
100 _aLopez, Allysa Joy R.
_eauthor
245 _aLiquidity management and profitability among online seller of Binangonan and more facebook page
_cAllysa Joy R. Lopez, Renz Kevin R. Yson, Zaryll Alezandriah B. Santos
260 _c2023
300 _axv, 133 leaves
_c28 cm.
336 _2rdacontent
_atext
337 _2rdamedia
_aunmediated
338 _2rdacarrier
_avolume
500 _aUndergraduate Thesis
502 _bBachelor of Science in Business Administration major in Financial Management
_cUniversity of Rizal System Binangonan
_d2023
504 _aIncludes bibliographical references.
700 _aYson, Renz Kevin R.
_eauthor
700 _aSantos, Zaryll Alezandriah B.
_eauthor
700 _aAbelardo B. CeƱidoza, MAT
_eadviser
942 _2lcc
_cT
999 _c72869
_d72868